| 000 -LEADER |
| fixed length control field |
00445cam a22001457a 4500 |
| 008 - FIXED-LENGTH DATA ELEMENTS--GENERAL INFORMATION |
| fixed length control field |
180718b1962 xxu||||| |||| 00| 0 eng d |
| 082 ## - DEWEY DECIMAL CLASSIFICATION NUMBER |
| Classification number |
A6x91 P185 |
| 100 ## - MAIN ENTRY--PERSONAL NAME |
| Personal name |
Palmier, Leslis H |
| 245 ## - TITLE STATEMENT |
| Title |
Indonesia and the Dutch. |
| Statement of responsibility, etc. |
by Leslie H. Palmier |
| 260 ## - PUBLICATION, DISTRIBUTION, ETC. |
| Place of publication, distribution, etc. |
London |
| Name of publisher, distributor, etc. |
Oxford |
| Date of publication, distribution, etc. |
1962 |
| 300 ## - PHYSICAL DESCRIPTION |
| Extent |
xii, 194p |
| 650 ## - SUBJECT ADDED ENTRY--TOPICAL TERM |
| Topical term or geographic name entry element |
Netherlands -Foreign relations -Indonesia |
| 650 ## - SUBJECT ADDED ENTRY--TOPICAL TERM |
| Topical term or geographic name entry element |
Indonesia -Foreign relations -Netherlands |
| 650 ## - SUBJECT ADDED ENTRY--TOPICAL TERM |
| Topical term or geographic name entry element |
Dutch -Indonesia |